Les 10 joueurs Français avec le plus de dribbles réussis depuis 2009. - Statistiques

Statistiques générales
  • Ce quiz a été pris 169 fois
  • Le résultat moyen est 5 sur 10
Statistiques - réponses
Dribbles
Réussis
Joueurs
Français
% Correct
784 Kylian Mbappé
90%
1089 Franck Ribéry
73%
835 Paul Pogba
68%
606 Kingsley Coman
59%
731 Hatem Ben Arfa
56%
649 Dimitri Payet
43%
689 Nabil Fekir
35%
861 Allan Saint-Maximin
33%
615 Florian Thauvin
30%
668 Moussa Sissoko
7%
Aucun quiz correspondant
Distribution des résultats
% des personnes avec chaque résultat
Percentile par nombre de réponses
Votre historique - résultats
Vous n’avez pas pris ce quiz